1337 1193 1909 1616 1852 1954 1165 1755 1659 1766 1707 1263 1291 1976 1215 1343 1245 1752 1973 1699 1078 1154 1139 1529 1727 1801 1285 1602 1059 1317 1385 1828 1197 1785 1947 1994 1136 1269 1057 1074 1093 1216 1940 1956 1396 1274 1935 1412 1682 1302 1680 1654 1444 1091 1722 1284 1041 1194 1319 1980 1423 1497 1357 1489 1104 1668 1086 1599 1246 1031 1856 1784 1817 1878 1127 1851 1111 1908 1256 1508 1188 1144 1499 1806 1434 1714 1153 1187 1476 1104 1922 1154 1303 1503 1459 1920 1187 1922 1809 BCNSPRNW ULIB Ver.6.0+V

เปลี่ยนเป็นภาษาไทย

Change to English
 แสดงรายละเอียดบรรณานุกรม
  กลับหน้าหลัก

Brief Record : Get Marc (ISO 2709) : E-mail record : QR code < ปิดหน้าต่าง
LEADER : 00000nam 2200000uu 4500
001    13399109547
003     ULIB
008    110404s2551||||th 000 0 tha d
020    9789747784503
060 04 WB327^bก637ค 2551
110 1  รีดเดอร์สไดเจสท์(ประเทศไทย)
245 00 เคล็ด(ไม่)ลับเพิ่มพลังสุขภาพ /^cวิศิษฏ์ ยุทธาภรณ์พินิจ,บรรณาธิการ
260    กรุงเทพฯ :^bรีดเดอร์สไดเจสท์(ประเทศไทย),^c2551
300    416 หน้า :^bภาพประกอบ
650  7 สุขภาพกับการออกกำลังกาย
650  7 สุขภาพกับจิตใจ
650  7 สุขภาพกับอาหาร
650  7 สุขภาพ^xการดูแลตนเอง
700 0  วิศิษฏ์ ยุทธาภรณ์พินิจ,^eบรรณาธิการ
945    ^p1990^l0^i024102
945    ^p1990^l0^i024695
995    ทศพร
999 ^a ใช้งานได้ทุกระบบ
รายการนี้ยังไม่มีแท็ก
คุณยังไม่ได้ล็อกอิน คุณสามารถมีกิจกรรมร่วมกับเว็บไซต์ได้ แต่ต้องล็อกอินก่อน ::
  ล็อกอิน

รายการสื่อสารสนเทศ

ลำดับที่ ประเภท เลขเรียก/บาร์โค้ด สถานที่ สถานะ
- ไม่พบข้อมูล -

BibComment


ยังไม่เคยถูกคอมเมนท์

คอมเมนท์ทรัพยากรรายการนี้
  คอมเมนท์: เคล็ดไม่ลับเพิ่มพ..


 Copyright 2026. Bcnsprnw @Library